Contemporary financial management fundamentals : (Record no. 15183)
[ view plain ]
| 000 -LEADER | |
|---|---|
| fixed length control field | 00660nam a22002177a 4500 |
| 003 - CONTROL NUMBER IDENTIFIER | |
| control field | URS |
| 005 - DATE AND TIME OF LATEST TRANSACTION | |
| control field | 20220114171926.0 |
| 008 - FIXED-LENGTH DATA ELEMENTS--GENERAL INFORMATION | |
| fixed length control field | 180412b xxu||||| |||| 00| 0 eng d |
| 020 ## - INTERNATIONAL STANDARD BOOK NUMBER | |
| International Standard Book Number | 9812657754 |
| 050 14 - LIBRARY OF CONGRESS CALL NUMBER | |
| Classification number | HG 4016 |
| Item number | M938 2006 |
| 100 1# - MAIN ENTRY--PERSONAL NAME | |
| Personal name | Moyer, Charles, |
| Dates associated with a name | 2006- |
| Relator term | author |
| 245 ## - TITLE STATEMENT | |
| Title | Contemporary financial management fundamentals : |
| Statement of responsibility, etc. | Charles R. Moyer. |
| 250 ## - EDITION STATEMENT | |
| Edition statement | Asian Edition |
| 260 #1 - PUBLICATION, DISTRIBUTION, ETC. | |
| Place of publication, distribution, etc. | Singapore: |
| Name of publisher, distributor, etc. | Thomson Learning Asia, |
| Date of publication, distribution, etc. | ©2006 |
| 300 ## - PHYSICAL DESCRIPTION | |
| Extent | xxii, 586 pages : |
| Other physical details | illustration |
| Dimensions | 24 cm |
| 336 ## - CONTENT TYPE | |
| Source | rda content |
| Content type term | text |
| 336 ## - CONTENT TYPE | |
| Source | rdacontent |
| Content type term | still image |
| 337 ## - MEDIA TYPE | |
| Source | rdamedia |
| Media type term | unmediated |
| 338 ## - CARRIER TYPE | |
| Source | rdacarrier |
| Carrier type term | volume |
| 942 ## - ADDED ENTRY ELEMENTS (KOHA) | |
| Source of classification or shelving scheme | Library of Congress Classification |
| Koha item type | Foreign Books |
| Withdrawn status | Source of classification or shelving scheme | Damaged status | Not for loan | Collection code | Home library | Current library | Shelving location | Date acquired | Total Checkouts | Full call number | Barcode | Date last seen | Price effective from | Koha item type |
|---|---|---|---|---|---|---|---|---|---|---|---|---|---|---|
| Library of Congress Classification | Non-fiction | Binangonan College Library | Binangonan College Library | Foreign Section | 06/07/2023 | HG 4016 M938 2006 | URSBIN-01301 | 04/12/2018 | 04/12/2018 | Foreign Books |